Statistics for Most LGBT American Cities

Click here to take the quiz!

General Stats

  • This quiz has been taken 38 times
  • The average score is 9 of 15

Answer Stats

%City% Correct
5.1Los Angeles
100%
6.7San Francisco
97%
4.9Boston
81%
5.2Seattle
76%
5.1Las Vegas
73%
4.8Denver
70%
6.0Portland
70%
4.6Atlanta
62%
5.0Orlando
57%
5.9Austin
54%
4.8Tampa
51%
4.7New Orleans
49%
4.7Salt Lake City
38%
4.7Tucson
24%
4.6Hartford
19%

Score Distribution

Percentile by Number Answered

Percent of People with Each Score

Your Score History

You have not taken this quiz